Perspektívy hospodárskej spolupráce Slovenska s Ukrajinou diplomová práca

Guardado en:
Detalles Bibliográficos
Autor principal: Lenická, Radka
Autor Corporativo: Obchodná fakulta EU. Katedra medzinárodného obchodu
Otros Autores: Kašťáková, Elena, 1974-
Formato: Libro
Lenguaje:eslovaco
Publicado: Bratislava 2011
Etiquetas: Agregar Etiqueta
Sin Etiquetas, Sea el primero en etiquetar este registro!

MARC

LEADER 00000nbm a2200000 4500
001 0131942
005 20161109101744.3
041 0 |a slo 
044 |a SK 
245 1 0 |a Perspektívy hospodárskej spolupráce Slovenska s Ukrajinou  |b diplomová práca  |c Radka Lenická ; školiteľ: Elena Kašťáková 
264 1 |a Bratislava  |c 2011 
300 |a 65 s. 
100 1 |a Lenická, Radka 
700 1 |a Kašťáková, Elena, 1974- 
710 2 |a Obchodná fakulta EU. Katedra medzinárodného obchodu